000 00293nam a2200121 a 4500
005 20140414132009.0
008 110223s19uu xx 00 eng d
050 _aVCD
_bMSB(F74
245 _aMSB For lunch :
_bDigestion.
650 _aDigestive system
650 _aDigestion
999 _c113242
_d113242